000 00508nmc a2200193 a 4500
003 AR-X00000XY
005 20251128212006.0
008 077020s1947 ||||||||||||||000 | spa||
040 _cAR-X00000XY
100 1 _aBurton, Robert
245 1 0 _aAnatomía de la melancolía
_bselección
250 _a2ª ed.
260 _aBuenos Aires
_bEspasa Calpe Argentina
_c1947
300 0 _a151 p.
490 0 _aColección Austral
_v669
700 1 _aPortnoy, Antonio
_etraductor
942 _cBK
998 _cmartin
999 _c21954
_d21954